000 00549nam a2200181Ia 4500
003 GCL
008 140319s9999 xx 000 0 ara d
040 _aGCL /
_cGCL
082 0 4 _a371.33
_bع ا
100 1 _aعبدالرحمن بن ابراهيم
245 1 0 _aانتاج برامج التلفزيون الاعلانية /
_cعبدالرحمن بن ابراهيم
300 _a206 ص
490 _a
650 0 4 _aالاعلام
650 0 4 _aبرامج التليفزيون
650 0 4 _aالوسائل التعليمية
942 _2ddc
_cBK
999 _c44814
_d44814